| 000 | 00375nam a22001337a 4500 | ||
|---|---|---|---|
| 040 | _cNUST | ||
| 082 | _a200 THE | ||
| 100 |
_aMuhammad Zohaib Nasir _984246 |
||
| 110 |
_aSupervisor Dr. Ali Hassan _984247 |
||
| 245 | _aTH-SOF-1854-Zero Shot Vehicle Re-Identification | ||
| 260 |
_aISLAMABAD: _bNUST COLLEGE OF EME, _c2021. |
||
| 650 |
_aMS-CSE-17 _984248 |
||
| 942 |
_2ddc _cTHE |
||
| 999 |
_c586785 _d586785 |
||